Catalog

Record Details

Catalog Search



Available copies

  • 0 of 1 copy available at LARL/NWRL Consortium.
  • 0 of 1 copy available at Lake Agassiz Regional Library. (Show preferred library)

Current holds

0 current holds with 1 total copy.

Show Only Available Copies
Location Call Number / Copy Notes Barcode Shelving Location Status Due Date
Moorhead Public Library M APP (Text) 33500014386791 New Checked out 07/09/2026

Record details

  • ISBN: 1943075980
  • ISBN: 9781943075980
  • Physical Description: 259 pages ; 20 cm.
  • Publisher: Harrisonville, Missouri : Blank Slate Press, [2026]

Content descriptions

Summary, etc.:
When Idaho private investigator Jimmy Chinden's ... Read More
Subject: Private investigators > Fiction.
Murder > Investigation > Fiction.
Genre: Detective and mystery fiction.
Thrillers (Fiction)
LDR 01479cam a2200361 i 4500
001484852
003LARL_NWRL_CONSORTIUM
00520260601150459.0
008250214t20262026mou 000 1 eng d
040 . ‡aYDX ‡beng ‡erda ‡cYDX ‡dOCLCO ‡dBDX ‡dOCLCQ ‡dJNE ‡dOCLCO ‡dNYP
020 . ‡a1943075980 ‡q(paperback)
020 . ‡a9781943075980 ‡q(paperback)
035 . ‡a(OCoLC)1499218474
1001 . ‡aAppelman, J. Reuben, ‡eauthor. ‡1https://id.oclc.org/worldcat/entity/E39PCjwptWCjHjmGWytcCYjHRX
24514. ‡aThe cheating side / ‡cJ. Reuben Appelman.
264 1. ‡aHarrisonville, Missouri : ‡bBlank Slate Press, ‡c[2026]
264 4. ‡c©2026
300 . ‡a259 pages ; ‡c20 cm.
336 . ‡atext ‡2rdacontent
337 . ‡aunmediated ‡2rdamedia
338 . ‡avolume ‡2rdacarrier
520 . ‡aWhen Idaho private investigator Jimmy Chinden's murder investigation threatens a land deal worth millions, the politically protected Aryan mob comes gunning for his family--but the old money outlaws might be outgunned.
650 0. ‡aPrivate investigators ‡vFiction. ‡0(LARL_NWRL_CONSORTIUM)166580
650 0. ‡aMurder ‡xInvestigation ‡vFiction. ‡0(LARL_NWRL_CONSORTIUM)166203
655 7. ‡aDetective and mystery fiction. ‡2lcgft
655 7. ‡aThrillers (Fiction) ‡2lcgft
936 . ‡aBATCHLOAD
901 . ‡a484852 ‡bOCoLC ‡c484852 ‡tbiblio ‡soclc

Additional Resources